00762nam a2200205 i 450000100060000000300090000600500170001500700030003200800410003510000210007624501060009726000550020330000220025849000360028060000600031660000680037665100550044483000360049985200210053555640ES-MaACL20230906163202.0t|030924s1882 fr |||| |dfre d1 aDesprez, Adrien.13aLa Politique féminine, de Marie de Médicis à Marie-Antoinette b: 1610-1792 / cAdrien Desprez. aParis : bA. Degorce-Cadot, c1882 (fToher et C.) a365 p. ; c17 cm.1 aBibliothèque de vulgarisation14aMaría cReina consorte de Enrique IV, Rey de Francia.04aMaría Antonieta cReina consorte de Luis XVI, Rey de Francia. 4aFrancia-xHistoria-y1589-1789, Casa de Borbón.0 aBibliothèque de vulgarisation aES-MaACLjD-1555